| 000 -LEADER |
| fixed length control field |
01795cam a22003134a 4500 |
| 001 - CONTROL NUMBER |
| control field |
13489539 |
| 003 - CONTROL NUMBER IDENTIFIER |
| control field |
NUST |
| 005 - DATE AND TIME OF LATEST TRANSACTION |
| control field |
20171106101544.0 |
| 008 - FIXED-LENGTH DATA ELEMENTS--GENERAL INFORMATION |
| fixed length control field |
040213m20042005coua b 000 0 eng |
| 010 ## - LIBRARY OF CONGRESS CONTROL NUMBER |
| LC control number |
2004043754 |
| 020 ## - INTERNATIONAL STANDARD BOOK NUMBER |
| International Standard Book Number |
1583213104 (v. 1) |
| 020 ## - INTERNATIONAL STANDARD BOOK NUMBER |
| International Standard Book Number |
1583214062 (v. 2) |
| 040 ## - CATALOGING SOURCE |
| Original cataloging agency |
DLC |
| Transcribing agency |
DLC |
| Modifying agency |
DLC |
| 042 ## - AUTHENTICATION CODE |
| Authentication code |
pcc |
| 050 00 - LIBRARY OF CONGRESS CALL NUMBER |
| Classification number |
TD427.A77 |
| Item number |
D45 2004 |
| 082 00 - DEWEY DECIMAL CLASSIFICATION NUMBER |
| Classification number |
628.1666 AWW |
| Edition number |
22 |
| 245 00 - TITLE STATEMENT |
| Title |
Demonstration of emerging technologies for arsenic removal / |
| Statement of responsibility, etc. |
prepared by Yu-Jung Chang ... [et al.] ; jointly sponsored by AWWA Research Foundation ... [et al.]. |
| 260 ## - PUBLICATION, DISTRIBUTION, ETC. |
| Place of publication, distribution, etc. |
Denver, CO : |
| Name of publisher, distributor, etc. |
AWWA Research Foundation and American Water Works Association, |
| Date of publication, distribution, etc. |
c2004-c2005. |
| 300 ## - PHYSICAL DESCRIPTION |
| Extent |
2 v. : |
| Other physical details |
ill. ; |
| Dimensions |
28 cm. |
| 500 ## - GENERAL NOTE |
| General note |
Vol. 2: Sponsored by Arsenic Research Partnership. |
| 501 ## - WITH NOTE |
| With note |
P.B |
| 504 ## - BIBLIOGRAPHY, ETC. NOTE |
| Bibliography, etc. note |
Includes bibliographical references. |
| 505 0# - FORMATTED CONTENTS NOTE |
| Formatted contents note |
v. 1. Bench-scale testing -- v. 2. Pilot testing. |
| 650 #0 - SUBJECT ADDED ENTRY--TOPICAL TERM |
| Topical term or geographic name entry element |
Water |
| General subdivision |
Purification |
| -- |
Arsenic removal. |
| 9 (RLIN) |
5973 |
| 700 1# - ADDED ENTRY--PERSONAL NAME |
| Personal name |
Chang, Yu-Jung, |
| Dates associated with a name |
1963- |
| 9 (RLIN) |
5974 |
| 710 2# - ADDED ENTRY--CORPORATE NAME |
| Corporate name or jurisdiction name as entry element |
AWWA Research Foundation. |
| 9 (RLIN) |
5975 |
| 856 42 - ELECTRONIC LOCATION AND ACCESS |
| Materials specified |
Publisher description |
| Uniform Resource Identifier |
<a href="http://www.loc.gov/catdir/enhancements/fy0629/2004043754-d.html">http://www.loc.gov/catdir/enhancements/fy0629/2004043754-d.html</a> |
| 856 41 - ELECTRONIC LOCATION AND ACCESS |
| Materials specified |
Table of contents only |
| Uniform Resource Identifier |
<a href="http://www.loc.gov/catdir/enhancements/fy0649/2004043754-t.html">http://www.loc.gov/catdir/enhancements/fy0649/2004043754-t.html</a> |
| 906 ## - LOCAL DATA ELEMENT F, LDF (RLIN) |
| a |
7 |
| b |
cbc |
| c |
orignew |
| d |
1 |
| e |
ocip |
| f |
20 |
| g |
y-gencatlg |
| 942 ## - ADDED ENTRY ELEMENTS (KOHA) |
| Source of classification or shelving scheme |
|
| Koha item type |
Book |
| Call number prefix |
IESE |